| 000 | 00502cam a2200181u 4500 | ||
|---|---|---|---|
| 082 |
_a330 _bJAT _cL-27,P-21 |
||
| 100 | 1 |
_aJathar and beri _937989 |
|
| 245 | 1 | 0 | _aElementary economics, |
| 250 | _a2nd ed | ||
| 260 |
_aLondan _bOxford university press _c1944 |
||
| 300 |
_a194 p, _c21 cm. |
||
| 526 |
_a0 _b0 _c0 _d330_000000000000000_JAT |
||
| 650 | 0 |
_aEconomics. _91437 |
|
| 650 | 0 |
_aMCE _9379 |
|
| 700 | 1 |
_aBuck, Norman Sydney, _937990 |
|
| 700 | 1 |
_aFurniss, Edgar Stevenson, _937991 |
|
| 942 |
_2ddc _cBK |
||
| 999 |
_c542702 _d542702 |
||